00957nam a2200265 a 450000100100000000500170001000800410002702000150006804000250008308200170010810000390012524500860016426000510025030000310030149000200033250400410035250400420039365000260043565000210046170000330048283000290051504900090054495201210055399900170067400002416520200930022755.0110119s1975 sp r 000 0 spa d a8433402161 aDO-SdBNPbspacBNPHU a891.7bL566s1 aLenin, Vladimir,d1870-192494962210aSobre arte y literatura /cV. I. Lenin ; edición preparada por Miguel Lendinez. aMadrid, (España) :bEdiciones Juncar,c1975. axxi, 249, [5] p. ;c20 cm.1 aSindéresisv2 aIncluye referencias bibliográficas aIncluye notas al pie de las páginas 4aLiteratura rusa94743 4aArte ruso9496231 aLendinez, Migueleed.949624 0aSindéresis ;v2949625 aBNGR 001054708MOaGRbGRcCTd2011-01-19iLF1l0o891.7 L566sp24165-10r2020-06-25w2020-06-25y4ZPréstamo en sala c23659d23659